| 000 | 00930nam a22003017a 4500 | ||
|---|---|---|---|
| 001 | 000195 | ||
| 003 | DO-SdBNP | ||
| 005 | 20180301134528.0 | ||
| 007 | 000195 | ||
| 008 | 151210b 1978 sp a 00| 0 spa d | ||
| 020 | _a847419122X | ||
| 020 |
_a8474191327 _qobra completa |
||
| 040 |
_aBPMSU _bspa _cBPMSU |
||
| 092 |
_axxxx _bxxxx |
||
| 100 | 1 | _aBarillé, Albert | |
| 240 | 1 | 0 | _aII était une fois...I´homme / |
| 245 | 1 | 0 |
_aÉrase una vez...el hombre / _cAlbert Barillé ; ilustraciones Jean Barbaud ; traducción Víctor Mora |
| 260 |
_aBarcelona ; _bJunior, _bGrupo editorial grijaldo, _c1979. |
||
| 300 |
_av. ; _bil. _c29 cm. |
||
| 500 | _aLa biblioteca posee el volumen 4 | ||
| 505 |
_gv. 4 : _tPax Romana _tLas conquistas del Islam |
||
| 700 | 1 | 2 |
_aBarbaud, Jean _eil. |
| 700 | 1 | 2 |
_aMora, Víctor _etrad. |
| 910 | _a00144 | ||
| 942 |
_2ddc _cBK |
||
| 945 | _aInventariado, 2018/MFF | ||
| 956 |
_aYngrid Lockward _b10 |
||
| 999 |
_c9340 _d9340 |
||